Introducción a la filosofía del derecho
Сохранить в:
| Главный автор: | |
|---|---|
| Формат: | |
| Язык: | испанский |
| Опубликовано: |
Ciudad de México, México:
Fondo de Cultura Económica,
1951
|
| Предметы: | |
| Метки: |
Добавить метку
Нет меток, Требуется 1-ая метка записи!
|
MARC
| LEADER | 00000nam a2200000 a 4500 | ||
|---|---|---|---|
| 001 | UCY1210 | ||
| 003 | CL-VaPUC | ||
| 005 | 20250320123644.0 | ||
| 008 | 940824e19510000MX |||||||||||||||||spa|d | ||
| 999 | |c 229986 |d 229984 | ||
| 020 | |a 9681600611 | ||
| 040 | |c Pontificia Universidad Católica de Valparaíso | ||
| 082 | 0 | 4 | |a 340.1 RAD 1951 |2 21 |
| 100 | 1 | |a Radbruch, Gustavo |e autor |9 256666 | |
| 245 | 1 | 0 | |a Introducción a la filosofía del derecho |
| 260 | |a Ciudad de México, México: |b Fondo de Cultura Económica, |c 1951 | ||
| 300 | |a 192 páginas | ||
| 583 | |a last modification |c 20150714 05:27:01 |k Rodrigo Vera | ||
| 650 | 0 | |a Filosofía del derecho |9 255050 | |
| 942 | |c BK |2 ddc | ||
| 945 | |d 19940824 00:00:00 |a aalvarez | ||
| 952 | |0 0 |1 0 |4 0 |6 340_100000000000000_RAD_1951 |7 0 |8 A |9 231757 |a BIBDER |b BIBDER |d 2019-11-15 |i 3012360 |o 340.1 RAD 1951 |p 3012360 |r 2023-01-25 |w 2019-11-15 |y BK |k DER | ||
| 952 | |0 0 |1 0 |4 0 |6 340_100000000000000_RAD_1951 |7 0 |8 A |9 231758 |a BIBDER |b BIBDER |d 2019-11-15 |i 3186261 |o 340.1 RAD 1951 |p 3186261 |r 2023-01-25 |w 2019-11-15 |y BK |k DER | ||
| 952 | |0 0 |1 0 |4 0 |6 340_100000000000000_RAD_1951 |7 0 |8 A |9 231759 |a BIBDER |b BIBDER |d 2019-11-15 |i 318627K |o 340.1 RAD 1951 |p 318627K |r 2023-01-25 |w 2019-11-15 |y BK |k DER | ||
| 952 | |0 0 |1 0 |4 0 |6 340_100000000000000_RAD_1951 |7 0 |8 A |9 231760 |a BIBDER |b BIBDER |d 2019-11-15 |i 3186288 |o 340.1 RAD 1951 |p 3186288 |r 2023-01-25 |w 2019-11-15 |y BK |k DER | ||
| 952 | |0 0 |1 0 |4 0 |6 340_100000000000000_RAD_1951 |7 0 |8 DER_TF |9 231761 |a BIBDER |b BIBDER |d 2019-11-15 |i 1884107 |o 340.1 RAD 1951 |p 1884107 |r 2023-01-25 |w 2019-11-15 |x Ubicación 4to Piso |y BK |z Estos recursos deben solicitarse con anticipación |k DER | ||
| 952 | |0 0 |1 0 |4 0 |6 340_100000000000000_RAD_1951 |7 0 |8 A |9 231762 |a BIBDER |b BIBDER |d 2019-11-15 |i 1954628 |o 340.1 RAD 1951 |p 1954628 |r 2023-01-25 |w 2019-11-15 |y BK |k DER | ||
| 952 | |0 0 |1 0 |4 0 |6 340_100000000000000_RAD_1951 |7 0 |8 A |9 231763 |a BIBDER |b BIBDER |d 2019-11-15 |i 4417976 |o 340.1 RAD 1951 |p 4417976 |r 2023-01-25 |w 2019-11-15 |y BK |k DER | ||
| 952 | |0 0 |1 0 |4 0 |6 340_100000000000000_RAD_1951 |7 0 |8 A |9 231764 |a BIBDER |b BIBDER |d 2019-11-15 |i 4417984 |o 340.1 RAD 1951 |p 4417984 |r 2023-01-25 |w 2019-11-15 |y BK |k DER | ||
| 952 | |0 0 |1 0 |4 0 |6 340_100000000000000_RAD_1951 |7 0 |8 A |9 231765 |a BIBDER |b BIBDER |d 2019-11-15 |i 4417992 |o 340.1 RAD 1951 |p 4417992 |r 2023-01-25 |w 2019-11-15 |y BK |k DER | ||
| 952 | |0 0 |1 0 |4 0 |6 340_100000000000000_RAD_1951 |7 0 |8 A |9 231766 |a BIBDER |b BIBDER |d 2019-11-15 |i 441800K |l 1 |m 1 |o 340.1 RAD 1951 |p 441800K |r 2025-03-27 |s 2025-03-13 |w 2019-11-15 |y BK |k DER | ||
| 952 | |0 0 |1 0 |4 0 |6 340_100000000000000_RAD_1951 |7 0 |8 A |9 231767 |a BIBDER |b BIBDER |d 2019-11-15 |i 4418018 |o 340.1 RAD 1951 |p 4418018 |r 2023-01-25 |w 2019-11-15 |y BK |k DER | ||
| 952 | |0 0 |1 0 |4 0 |6 340_100000000000000_RAD_1951 |7 0 |8 A |9 231768 |a BIBDER |b BIBDER |d 2019-11-15 |i 4418026 |o 340.1 RAD 1951 |p 4418026 |r 2023-01-25 |w 2019-11-15 |y BK |k DER | ||
| 952 | |0 0 |1 0 |4 0 |6 340_100000000000000_RAD_1951 |7 0 |8 A |9 231769 |a BIBDER |b BIBDER |d 2019-11-15 |i 4418034 |o 340.1 RAD 1951 |p 4418034 |r 2023-01-25 |w 2019-11-15 |y BK |k DER | ||
| 952 | |0 0 |1 0 |4 0 |6 340_100000000000000_RAD_1951 |7 0 |8 A |9 231770 |a BIBDER |b BIBDER |d 2019-11-15 |i 4418042 |o 340.1 RAD 1951 |p 4418042 |r 2023-01-25 |w 2019-11-15 |y BK |k DER | ||
| 952 | |0 0 |1 0 |4 0 |6 340_100000000000000_RAD_1951 |7 0 |8 A |9 231771 |a BIBDER |b BIBDER |d 2019-11-15 |i 4452321 |o 340.1 RAD 1951 |p 4452321 |r 2023-01-25 |w 2019-11-15 |y BK |k DER | ||
| 952 | |0 0 |1 0 |4 0 |6 340_100000000000000_RAD_1951 |7 0 |8 A |9 231772 |a BIBDER |b BIBDER |d 2019-11-15 |i 445233K |o 340.1 RAD 1951 |p 445233K |r 2023-01-25 |w 2019-11-15 |y BK |k DER | ||
| 952 | |0 0 |1 0 |4 0 |6 340_100000000000000_RAD_1951 |7 0 |8 A |9 231773 |a BIBDER |b BIBDER |d 2019-11-15 |i 4452348 |o 340.1 RAD 1951 |p 4452348 |r 2023-01-25 |w 2019-11-15 |y BK |k DER | ||
| 952 | |0 0 |1 0 |4 0 |6 340_100000000000000_RAD_1951 |7 0 |8 A |9 231774 |a BIBDER |b BIBDER |d 2019-11-15 |i 4452356 |o 340.1 RAD 1951 |p 4452356 |r 2023-01-25 |w 2019-11-15 |y BK |k DER | ||
| 952 | |0 0 |1 0 |4 0 |6 340_100000000000000_RAD_1951 |7 0 |8 A |9 231775 |a BIBDER |b BIBDER |d 2019-11-15 |i 4452364 |o 340.1 RAD 1951 |p 4452364 |r 2023-01-25 |w 2019-11-15 |y BK |k DER | ||
| 952 | |0 0 |1 0 |4 0 |6 340_100000000000000_RAD_1951 |7 0 |8 A |9 231776 |a BIBDER |b BIBDER |d 2019-11-15 |i 4452372 |o 340.1 RAD 1951 |p 4452372 |r 2023-01-25 |w 2019-11-15 |y BK |k DER | ||
| 952 | |0 0 |1 0 |4 0 |6 340_100000000000000_RAD_1951 |7 0 |8 A |9 231777 |a BIBDER |b BIBDER |d 2019-11-15 |i 4452380 |l 1 |o 340.1 RAD 1951 |p 4452380 |r 2024-08-30 |s 2024-08-22 |w 2019-11-15 |y BK |k DER | ||
| 952 | |0 0 |1 0 |4 0 |6 340_100000000000000_RAD_1951 |7 0 |8 A |9 231778 |a BIBDER |b BIBDER |d 2019-11-15 |i 4448758 |l 1 |o 340.1 RAD 1951 |p 4448758 |r 2024-09-26 |s 2024-09-13 |w 2019-11-15 |y BK |k DER | ||